Practical Plant Biotechnology / (Record no. 37705)
[ view plain ]
| 000 -LEADER | |
|---|---|
| fixed length control field | 00591nam a22002177a 4500 |
| 001 - CONTROL NUMBER | |
| control field | 37705 |
| 003 - CONTROL NUMBER IDENTIFIER | |
| rucl marc code | BD-RjUL |
| 005 - DATE AND TIME OF LATEST TRANSACTION | |
| control field | 20211209052634.0 |
| 008 - FIXED-LENGTH DATA ELEMENTS--GENERAL INFORMATION | |
| fixed length control field | 150207s2007 ii a|||| |||| 00| 0 eng d |
| 020 ## - INTERNATIONAL STANDARD BOOK NUMBER | |
| International Standard Book Number | 818826278 |
| 035 ## - SYSTEM CONTROL NUMBER | |
| System control number | (BD-RjUL)37809 |
| 040 ## - CATALOGING SOURCE | |
| Original cataloging agency | BD-RjUL |
| Language of cataloging | eng |
| Transcribing agency | BD-RjUL |
| Modifying agency | BD-RjUL |
| 041 ## - LANGUAGE CODE | |
| Language code of text/sound track or separate title | eng |
| 082 ## - DEWEY DECIMAL CLASSIFICATION NUMBER | |
| Classification number | 630 |
| Author mark and year | SUP 2007 |
| 100 ## - MAIN ENTRY--PERSONAL NAME | |
| Personal name | Purohit, S.S. |
| 9 (RLIN) | 115018 |
| 245 ## - TITLE STATEMENT | |
| Title | Practical Plant Biotechnology / |
| Remainder of title | S.S. Purohit. |
| 260 ## - PUBLICATION, DISTRIBUTION, ETC. (IMPRINT) | |
| Place of publication, distribution, etc. | Jodhpur : |
| Name of publisher, distributor, etc. | Student edition, |
| Date of publication, distribution, etc. | 2007. |
| 300 ## - PHYSICAL DESCRIPTION | |
| Pagination | 305 p. : |
| Illustrations | ill.; |
| Size | 25 cm. |
| 650 ## - SUBJECT ADDED ENTRY--TOPICAL TERM | |
| Topical term or geographic name as entry element | Plant biotechnology. |
| 9 (RLIN) | 114999 |
| 942 ## - ADDED ENTRY ELEMENTS (KOHA) | |
| Source of classification or shelving scheme | Dewey Decimal Classification |
| Koha item type | Books |
| Lost status | Source of classification or shelving scheme | Damaged status | Not for loan | Collection code | Permanent Location | Current Location | Shelving location | Date acquired | Cost, normal purchase price | Total Checkouts | Full call number | Date last seen | Copy number | Koha item type |
|---|---|---|---|---|---|---|---|---|---|---|---|---|---|---|
| Dewey Decimal Classification | Not For Loan | Non-fiction | Institute of Biological Sciences (IBSc) Library | Institute of Biological Sciences (IBSc) Library | 07/02/2015 | 400.00 | 630 SUP 2007 | 07/02/2015 | C-1 | Books |